[Event "DEM U10w 2025"]
[Site "Willingen GER"]
[Date "2025.06.11"]
[Round "5"]
[White "Vignesh, Sara"]
[Black "Elsayed Esam, Sally"]
[Result "1/2-1/2"]
[Termination "normal"]
[Board "1"]
[WhiteElo "1604"]
[BlackElo "1623"]
[WhiteClock "00:30:56"]
[BlackClock "00:34:52"]
[PlyCount "70"]
[WhiteFideId "34674756"]
[BlackFideId "34662170"]
[EventCountry "GER"]
[EventRounds "9"]
[EventType "swiss"]
[EventDate "2025.06.07"]

1. d4 {[%clk 01:30:59]} d5 {[%clk 01:30:39]} {[%emt 00:00:21]} 2. c4 {[%clk
01:31:25]} {[%emt 00:00:04]} c6 {[%clk 01:31:03]} {[%emt 00:00:06]} 3. cxd5
{[%clk 01:31:38]} {[%emt 00:00:18]} cxd5 {[%clk 01:31:18]} {[%emt 00:00:14]} 4.
Bg5 {[%clk 01:31:58]} {[%emt 00:00:10]} Nf6 {[%clk 01:29:54]} {[%emt 00:01:54]}
5. Bxf6 {[%clk 01:32:21]} {[%emt 00:00:07]} exf6 {[%clk 01:29:47]} {[%emt
00:00:37]} 6. Nc3 {[%clk 01:32:10]} {[%emt 00:00:41]} Bg4 {[%clk 01:29:36]}
{[%emt 00:00:41]} 7. Qb3 {[%clk 01:30:01]} {[%emt 00:02:39]} Nc6 {[%clk
01:21:28]} {[%emt 00:08:39]} 8. e3 {[%clk 01:22:30]} {[%emt 00:08:00]} Bb4
{[%clk 01:20:05]} {[%emt 00:01:53]} 9. a3 {[%clk 01:20:20]} {[%emt 00:02:40]}
Bxc3+ {[%clk 01:18:44]} {[%emt 00:01:50]} 10. Qxc3 {[%clk 01:19:41]} {[%emt
00:01:09]} O-O {[%clk 01:18:51]} {[%emt 00:00:24]} 11. Ne2 {[%clk 01:19:23]}
{[%emt 00:00:47]} Rc8 {[%clk 01:17:43]} {[%emt 00:01:38]} 12. Nf4 {[%clk
01:18:27]} {[%emt 00:01:27]} Na5 {[%clk 01:10:01]} {[%emt 00:08:11]} 13. Qd3
{[%clk 01:10:00]} {[%emt 00:08:56]} g6 {[%clk 01:03:39]} {[%emt 00:06:53]} 14.
Be2 {[%clk 01:07:31]} {[%emt 00:03:00]} Bf5 {[%clk 01:00:10]} {[%emt 00:03:59]}
15. Qb5 {[%clk 01:04:00]} {[%emt 00:03:56]} Kg7 {[%clk 00:58:22]} {[%emt
00:02:22]} 16. Qxd5 {[%clk 00:57:41]} {[%emt 00:06:49]} Qxd5 {[%clk 00:58:37]}
{[%emt 00:00:15]} 17. Nxd5 {[%clk 00:57:56]} {[%emt 00:00:15]} Nb3 {[%clk
00:59:02]} {[%emt 00:00:06]} 18. Ne7 {[%clk 00:54:06]} {[%emt 00:04:20]} Nxa1
{[%clk 00:59:22]} {[%emt 00:00:10]} 19. Nxc8 {[%clk 00:54:20]} {[%emt
00:00:16]} Rxc8 {[%clk 00:59:43]} {[%emt 00:00:08]} 20. Bd1 {[%clk 00:50:20]}
{[%emt 00:04:30]} Nc2+ {[%clk 00:59:44]} {[%emt 00:00:30]} 21. Kd2 {[%clk
00:50:05]} {[%emt 00:00:44]} b5 {[%clk 00:59:19]} {[%emt 00:00:55]} 22. g4
{[%clk 00:49:24]} {[%emt 00:01:11]} Nxd4 {[%clk 00:49:41]} {[%emt 00:10:08]}
23. exd4 {[%clk 00:49:04]} {[%emt 00:00:50]} Be6 {[%clk 00:48:51]} {[%emt
00:01:21]} 24. Be2 {[%clk 00:48:21]} {[%emt 00:01:12]} Rd8 {[%clk 00:47:51]}
{[%emt 00:01:31]} 25. Kc3 {[%clk 00:46:13]} {[%emt 00:02:37]} a6 {[%clk
00:45:54]} {[%emt 00:02:28]} 26. Rc1 {[%clk 00:44:44]} {[%emt 00:01:56]} f5
{[%clk 00:40:47]} {[%emt 00:05:40]} 27. g5 {[%clk 00:42:18]} {[%emt 00:02:54]}
Rc8+ {[%clk 00:38:09]} {[%emt 00:03:12]} 28. Kd2 {[%clk 00:42:07]} {[%emt
00:00:41]} Rxc1 {[%clk 00:38:14]} {[%emt 00:00:24]} 29. Kxc1 {[%clk 00:42:31]}
{[%emt 00:00:06]} f6 {[%clk 00:38:32]} {[%emt 00:00:12]} 30. f4 {[%clk
00:42:14]} {[%emt 00:00:47]} Bd5 {[%clk 00:38:49]} {[%emt 00:00:13]} 31. Kd2
{[%clk 00:41:57]} {[%emt 00:00:47]} fxg5 {[%clk 00:39:11]} {[%emt 00:00:09]}
32. fxg5 {[%clk 00:42:06]} {[%emt 00:00:21]} Kf7 {[%clk 00:39:32]} {[%emt
00:00:09]} 33. Ke3 {[%clk 00:42:07]} {[%emt 00:00:29]} Ke6 {[%clk 00:39:45]}
{[%emt 00:00:16]} 34. Kf4 {[%clk 00:42:19]} {[%emt 00:00:17]} Be4 {[%clk
00:37:38]} {[%emt 00:02:39]} 35. a4 {[%clk 00:30:56]} {[%emt 00:11:53]} Bc6
{[%clk 00:34:52]} {[%emt 00:03:15]} 1/2-1/2

[Event "DEM U10w 2025"]
[Site "Willingen GER"]
[Date "2025.06.11"]
[Round "5"]
[White "Sigacheva, Varvara"]
[Black "Bashirova, Sona"]
[Result "0-1"]
[Termination "normal"]
[Board "2"]
[WhiteElo "1453"]
[BlackElo "1639"]
[WhiteClock "00:29:04"]
[BlackClock "00:32:53"]
[PlyCount "190"]
[WhiteFideId "522079416"]
[BlackFideId "34664033"]
[EventCountry "GER"]
[EventRounds "9"]
[EventType "swiss"]
[EventDate "2025.06.07"]

1. d4 {[%clk 01:30:59]} d5 {[%clk 01:30:54]} {[%emt 00:00:07]} 2. Bf4 {[%clk
01:31:19]} {[%emt 00:00:09]} Nf6 {[%clk 01:31:18]} {[%emt 00:00:07]} 3. e3
{[%clk 01:31:42]} {[%emt 00:00:07]} Bf5 {[%clk 01:31:42]} {[%emt 00:00:06]} 4.
Nf3 {[%clk 01:30:19]} {[%emt 00:01:53]} c5 {[%clk 01:27:21]} {[%emt 00:04:51]}
5. c3 {[%clk 01:29:27]} {[%emt 00:01:22]} e6 {[%clk 01:25:59]} {[%emt
00:01:51]} 6. Be2 {[%clk 01:05:30]} {[%emt 00:24:27]} Be7 {[%clk 01:22:21]}
{[%emt 00:04:07]} 7. h3 {[%clk 01:02:13]} {[%emt 00:03:48]} Nc6 {[%clk
01:20:29]} {[%emt 00:02:23]} 8. Nbd2 {[%clk 00:50:22]} {[%emt 00:12:20]} h6
{[%clk 01:16:36]} {[%emt 00:04:23]} 9. Ne5 {[%clk 00:39:53]} {[%emt 00:11:00]}
Ne4 {[%clk 01:04:50]} {[%emt 00:12:16]} 10. Nef3 {[%clk 00:34:31]} {[%emt
00:05:51]} c4 {[%clk 00:53:49]} {[%emt 00:11:32]} 11. Nxe4 {[%clk 00:30:36]}
{[%emt 00:04:24]} Bxe4 {[%clk 00:46:36]} {[%emt 00:07:43]} 12. Bf1 {[%clk
00:21:56]} {[%emt 00:09:10]} b5 {[%clk 00:25:57]} {[%emt 00:21:11]} 13. Nd2
{[%clk 00:03:47]} {[%emt 00:18:40]} Bh7 {[%clk 00:24:01]} {[%emt 00:02:25]} 14.
Be2 {[%clk 00:02:56]} {[%emt 00:01:21]} Qa5 {[%clk 00:20:51]} {[%emt 00:03:40]}
15. a3 {[%clk 00:02:51]} {[%emt 00:00:36]} Qb6 {[%clk 00:19:47]} {[%emt
00:01:23]} 16. O-O {[%clk 00:02:58]} {[%emt 00:00:33]} O-O {[%clk 00:19:13]}
{[%emt 00:01:05]} 17. Nf3 {[%clk 00:03:04]} {[%emt 00:00:23]} f6 {[%clk
00:17:29]} {[%emt 00:02:14]} 18. Qd2 {[%clk 00:02:43]} {[%emt 00:00:51]} a5
{[%clk 00:16:34]} {[%emt 00:01:25]} 19. Bd1 {[%clk 00:01:10]} {[%emt 00:02:02]}
a4 {[%clk 00:15:14]} {[%emt 00:01:51]} 20. Bc2 {[%clk 00:01:23]} {[%emt
00:00:17]} Be4 {[%clk 00:13:28]} {[%emt 00:02:16]} 21. Bxe4 {[%clk 00:01:23]}
{[%emt 00:00:30]} dxe4 {[%clk 00:13:50]} {[%emt 00:00:08]} 22. Ne1 {[%clk
00:01:31]} {[%emt 00:00:21]} Rad8 {[%clk 00:13:03]} {[%emt 00:01:18]} 23. Qc2
{[%clk 00:01:36]} {[%emt 00:00:23]} f5 {[%clk 00:13:17]} {[%emt 00:00:18]} 24.
Qb1 {[%clk 00:01:44]} {[%emt 00:00:22]} Na5 {[%clk 00:13:11]} {[%emt 00:00:36]}
25. Qc2 {[%clk 00:01:38]} {[%emt 00:00:36]} Nb3 {[%clk 00:13:36]} {[%emt
00:00:06]} 26. Rd1 {[%clk 00:01:43]} {[%emt 00:00:23]} Bf6 {[%clk 00:13:05]}
{[%emt 00:01:02]} 27. Kh1 {[%clk 00:01:10]} {[%emt 00:01:01]} h5 {[%clk
00:12:29]} {[%emt 00:01:08]} 28. Qb1 {[%clk 00:00:49]} {[%emt 00:00:49]} Kf7
{[%clk 00:12:03]} {[%emt 00:00:58]} 29. Qc2 {[%clk 00:01:05]} {[%emt 00:00:14]}
Rh8 {[%clk 00:11:59]} {[%emt 00:00:35]} 30. Bg3 {[%emt 00:01:21]} g5 {[%clk
00:11:50]} 31. Bh2 {[%clk 00:00:35]} {[%emt 00:00:47]} g4 {[%clk 00:10:40]}
{[%emt 00:01:40]} 32. Rg1 {[%clk 00:00:52]} {[%emt 00:00:13]} Rdg8 {[%clk
00:10:32]} {[%emt 00:00:39]} 33. Qe2 {[%clk 00:00:37]} {[%emt 00:00:44]} Be7
{[%clk 00:08:50]} {[%emt 00:02:09]} 34. Qf1 {[%clk 00:00:37]} {[%emt 00:00:31]}
Bd6 {[%clk 00:08:28]} {[%emt 00:00:54]} 35. Bxd6 {[%clk 00:01:00]} {[%emt
00:00:07]} Qxd6 {[%clk 00:08:54]} {[%emt 00:00:04]} 36. g3 {[%clk 00:00:59]}
{[%emt 00:00:30]} h4 {[%clk 00:08:55]} {[%emt 00:00:29]} 37. Rg2 {[%clk
00:00:37]} {[%emt 00:00:53]} gxh3 {[%clk 00:07:25]} {[%emt 00:02:00]} 38. Rh2
{[%clk 00:01:01]} {[%emt 00:00:07]} hxg3 {[%clk 00:07:22]} {[%emt 00:00:32]}
39. fxg3 {[%clk 00:00:45]} {[%emt 00:00:45]} Qxg3 {[%clk 00:07:34]} {[%emt
00:00:19]} 40. Nc2 {[%clk 00:00:33]} {[%emt 00:00:42]} Qh4 {[%clk 00:04:48]}
{[%emt 00:03:16]} 41. Qf2 {[%clk 00:00:34]} {[%emt 00:00:29]} Qxf2 {[%clk
00:01:29]} {[%emt 00:03:49]} 42. Rxf2 {[%clk 00:00:58]} {[%emt 00:00:06]} Rg3
{[%clk 00:01:17]} {[%emt 00:00:42]} 43. Kh2 {[%clk 00:01:03]} {[%emt 00:00:25]}
Rhg8 {[%clk 00:01:14]} {[%emt 00:00:34]} 44. Nb4 {[%clk 00:30:03]} {[%emt
00:01:29]} Rxe3 {[%clk 00:29:52]} {[%emt 00:01:52]} 45. Nc6 {[%clk 00:29:35]}
{[%emt 00:00:58]} Reg3 {[%clk 00:29:10]} {[%emt 00:01:11]} 46. Ne5+ {[%clk
00:29:37]} {[%emt 00:00:29]} Ke7 {[%clk 00:29:18]} {[%emt 00:00:22]} 47. Nc6+
{[%clk 00:29:33]} {[%emt 00:00:34]} Kd6 {[%clk 00:27:52]} {[%emt 00:01:42]} 48.
Ne5 {[%clk 00:29:16]} {[%emt 00:01:00]} Rg2+ {[%clk 00:27:49]} {[%emt
00:00:33]} 49. Rxg2 {[%clk 00:29:06]} {[%emt 00:00:41]} Rxg2+ {[%clk 00:28:17]}
{[%emt 00:00:02]} 50. Kxh3 {[%clk 00:29:30]} {[%emt 00:00:06]} Rxb2 {[%clk
00:28:34]} {[%emt 00:00:14]} 51. Rg1 {[%clk 00:29:04]} {[%emt 00:00:54]} Ra2
{[%clk 00:26:24]} {[%emt 00:02:41]} 52. Rg7 {[%clk 00:29:12]} {[%emt 00:00:20]}
Nc5 {[%clk 00:24:49]} {[%emt 00:02:07]} 53. Nf7+ {[%clk 00:26:27]} {[%emt
00:03:14]} Kd5 {[%clk 00:24:36]} {[%emt 00:00:44]} 54. dxc5 {[%clk 00:23:59]}
{[%emt 00:02:59]} Kxc5 {[%clk 00:25:04]} {[%emt 00:00:02]} 55. Rg3 {[%clk
00:22:34]} {[%emt 00:01:54]} Rxa3 {[%clk 00:25:13]} {[%emt 00:00:21]} 56. Nd8
{[%clk 00:22:51]} {[%emt 00:00:12]} Kd5 {[%clk 00:25:23]} {[%emt 00:00:21]} 57.
Nf7 {[%clk 00:22:33]} {[%emt 00:00:47]} b4 {[%clk 00:25:22]} {[%emt 00:00:32]}
58. Kh4 {[%clk 00:21:31]} {[%emt 00:01:31]} Rxc3 {[%clk 00:25:36]} {[%emt
00:00:16]} 59. Rg1 {[%clk 00:21:42]} {[%emt 00:00:19]} b3 {[%clk 00:25:49]}
{[%emt 00:00:18]} 60. Rd1+ {[%clk 00:20:07]} {[%emt 00:02:04]} Rd3 {[%clk
00:26:10]} {[%emt 00:00:10]} 61. Rb1 {[%clk 00:20:00]} {[%emt 00:00:36]} a3
{[%clk 00:26:33]} {[%emt 00:00:08]} 62. Ng5 {[%clk 00:19:42]} {[%emt 00:00:47]}
a2 {[%clk 00:26:51]} {[%emt 00:00:13]} 63. Ra1 {[%clk 00:20:07]} {[%emt
00:00:04]} b2 {[%clk 00:27:16]} {[%emt 00:00:05]} 64. Rxa2 {[%clk 00:20:32]}
{[%emt 00:00:05]} b1=Q {[%clk 00:27:17]} {[%emt 00:00:29]} 65. Ra5+ {[%clk
00:20:53]} {[%emt 00:00:10]} Kd4 {[%clk 00:27:33]} {[%emt 00:00:14]} 66. Nxe6+
{[%clk 00:21:13]} {[%emt 00:00:10]} Ke3 {[%clk 00:27:59]} {[%emt 00:00:04]} 67.
Rxf5 {[%clk 00:21:29]} {[%emt 00:00:13]} Rd2 {[%clk 00:27:35]} {[%emt
00:00:55]} 68. Kg5 {[%clk 00:21:42]} {[%emt 00:00:16]} Qa1 {[%clk 00:26:22]}
{[%emt 00:01:44]} 69. Kg6 {[%clk 00:21:58]} {[%emt 00:00:12]} Rg2+ {[%clk
00:26:40]} {[%emt 00:00:14]} 70. Kf7 {[%clk 00:22:20]} {[%emt 00:00:08]} Qa7+
{[%clk 00:26:44]} {[%emt 00:00:26]} 71. Kf6 {[%clk 00:22:39]} {[%emt 00:00:10]}
Qh7 {[%clk 00:26:19]} {[%emt 00:00:53]} 72. Ke5 {[%clk 00:22:55]} {[%emt
00:00:17]} Qh8+ {[%clk 00:26:11]} {[%emt 00:00:39]} 73. Kd6 {[%clk 00:23:11]}
{[%emt 00:00:13]} Rd2+ {[%clk 00:26:11]} {[%emt 00:00:30]} 74. Kc6 {[%clk
00:23:30]} {[%emt 00:00:10]} Qc8+ {[%clk 00:26:23]} {[%emt 00:00:19]} 75. Nc7
{[%clk 00:23:29]} {[%emt 00:00:30]} Qxf5 {[%clk 00:26:42]} {[%emt 00:00:12]}
76. Kb7 {[%clk 00:23:39]} {[%emt 00:00:20]} Rb2+ {[%clk 00:27:05]} {[%emt
00:00:06]} 77. Kc6 {[%clk 00:23:37]} {[%emt 00:00:32]} Rb8 {[%clk 00:27:11]}
{[%emt 00:00:25]} 78. Kd6 {[%clk 00:23:41]} {[%emt 00:00:25]} Rb6+ {[%clk
00:27:13]} {[%emt 00:00:29]} 79. Ke7 {[%clk 00:23:58]} {[%emt 00:00:13]} Qf6+
{[%clk 00:27:22]} {[%emt 00:00:21]} 80. Ke8 {[%clk 00:24:13]} {[%emt 00:00:14]}
Rd6 {[%clk 00:26:51]} {[%emt 00:01:02]} 81. Nd5+ {[%clk 00:24:14]} {[%emt
00:00:29]} Kd4 {[%clk 00:26:56]} {[%emt 00:00:25]} 82. Nxf6 {[%clk 00:24:32]}
{[%emt 00:00:12]} Rxf6 {[%clk 00:27:24]} {[%emt 00:00:01]} 83. Ke7 {[%clk
00:24:55]} {[%emt 00:00:08]} c3 {[%clk 00:27:50]} {[%emt 00:00:05]} 84. Kxf6
{[%clk 00:25:21]} {[%emt 00:00:03]} c2 {[%clk 00:28:17]} {[%emt 00:00:03]} 85.
Ke7 {[%clk 00:25:47]} {[%emt 00:00:04]} c1=Q {[%clk 00:28:38]} {[%emt
00:00:09]} 86. Ke6 {[%clk 00:25:47]} {[%emt 00:00:30]} Qc5 {[%clk 00:29:00]}
{[%emt 00:00:08]} 87. Kd7 {[%clk 00:26:12]} {[%emt 00:00:05]} Qb6 {[%clk
00:29:25]} {[%emt 00:00:05]} 88. Ke7 {[%clk 00:26:36]} {[%emt 00:00:06]} Qc6
{[%clk 00:29:53]} {[%emt 00:00:02]} 89. Kf7 {[%clk 00:26:58]} {[%emt 00:00:08]}
Qd6 {[%clk 00:30:20]} {[%emt 00:00:03]} 90. Kg7 {[%clk 00:27:23]} {[%emt
00:00:05]} Qe6 {[%clk 00:30:47]} {[%emt 00:00:03]} 91. Kh7 {[%clk 00:27:38]}
{[%emt 00:00:10]} Qf6 {[%clk 00:31:09]} {[%emt 00:00:12]} 92. Kg8 {[%clk
00:28:05]} {[%emt 00:00:04]} Qe7 {[%clk 00:31:36]} {[%emt 00:00:03]} 93. Kh8
{[%clk 00:28:29]} {[%emt 00:00:06]} Ke5 {[%clk 00:32:04]} {[%emt 00:00:02]} 94.
Kg8 {[%clk 00:28:51]} {[%emt 00:00:08]} Kf6 {[%clk 00:32:29]} {[%emt 00:00:05]}
95. Kh8 {[%clk 00:29:04]} {[%emt 00:00:18]} Qg7# {[%clk 00:32:53]} {[%emt
00:00:04]} 0-1

[Event "DEM U10w 2025"]
[Site "Willingen GER"]
[Date "2025.06.11"]
[Round "5"]
[White "Xu, Dorothea Sicheng"]
[Black "Hleizer, Ahata"]
[Result "1/2-1/2"]
[Termination "normal"]
[Board "3"]
[WhiteElo "1484"]
[BlackElo "1594"]
[WhiteClock "00:03:13"]
[BlackClock "00:39:34"]
[PlyCount "177"]
[WhiteFideId "34667539"]
[BlackFideId "34643370"]
[EventCountry "GER"]
[EventRounds "9"]
[EventType "swiss"]
[EventDate "2025.06.07"]

1. e4 {[%clk 01:30:59]} e5 {[%clk 01:30:49]} {[%emt 00:00:10]} 2. Nf3 {[%clk
01:31:25]} {[%emt 00:00:05]} Nc6 {[%clk 01:31:07]} {[%emt 00:00:12]} 3. Bc4
{[%clk 01:31:47]} {[%emt 00:00:08]} Nf6 {[%clk 01:31:27]} {[%emt 00:00:10]} 4.
d4 {[%clk 01:32:10]} {[%emt 00:00:08]} exd4 {[%clk 01:31:42]} {[%emt 00:00:14]}
5. O-O {[%clk 01:32:31]} {[%emt 00:00:09]} Nxe4 {[%clk 01:31:20]} {[%emt
00:00:52]} 6. Re1 {[%clk 01:32:51]} {[%emt 00:00:10]} d5 {[%clk 01:31:28]}
{[%emt 00:00:22]} 7. Bxd5 {[%clk 01:33:14]} {[%emt 00:00:07]} Qxd5 {[%clk
01:31:36]} {[%emt 00:00:21]} 8. Nc3 {[%clk 01:33:36]} {[%emt 00:00:09]} Qh5
{[%clk 01:31:46]} {[%emt 00:00:20]} 9. Nxe4 {[%clk 01:33:32]} {[%emt 00:00:33]}
Be6 {[%clk 01:31:28]} {[%emt 00:00:48]} 10. Bg5 {[%clk 01:32:00]} {[%emt
00:02:03]} Bd6 {[%clk 01:27:03]} {[%emt 00:04:55]} 11. Bf6 {[%clk 01:26:19]}
{[%emt 00:06:10]} Bxh2+ {[%clk 01:25:41]} {[%emt 00:01:52]} 12. Nxh2 {[%clk
01:25:56]} {[%emt 00:00:54]} Qxd1 {[%clk 01:25:58]} {[%emt 00:00:13]} 13. Raxd1
{[%clk 01:26:01]} {[%emt 00:00:25]} gxf6 {[%clk 01:25:58]} {[%emt 00:00:30]}
14. Nxf6+ {[%clk 01:24:24]} {[%emt 00:02:07]} Kf8 {[%clk 01:25:39]} {[%emt
00:00:49]} 15. Nf3 {[%clk 01:22:40]} {[%emt 00:02:14]} Rd8 {[%clk 01:22:44]}
{[%emt 00:03:25]} 16. Ng5 {[%clk 01:19:09]} {[%emt 00:04:01]} Bf5 {[%clk
01:18:26]} {[%emt 00:04:48]} 17. c3 {[%clk 01:11:40]} {[%emt 00:07:59]} d3
{[%clk 01:16:33]} {[%emt 00:02:22]} 18. Nf3 {[%clk 01:08:03]} {[%emt 00:04:07]}
h5 {[%clk 00:56:52]} {[%emt 00:20:12]} 19. Ne4 {[%clk 01:02:33]} {[%emt
00:06:00]} Bg4 {[%clk 00:52:43]} {[%emt 00:04:39]} 20. Ned2 {[%clk 00:51:07]}
{[%emt 00:11:56]} Rg8 {[%clk 00:50:34]} {[%emt 00:02:40]} 21. Re3 {[%clk
00:48:33]} {[%emt 00:03:03]} Rd6 {[%clk 00:41:44]} {[%emt 00:09:18]} 22. Nc4
{[%clk 00:44:40]} {[%emt 00:04:25]} Rdg6 {[%clk 00:38:33]} {[%emt 00:03:40]}
23. g3 {[%clk 00:39:37]} {[%emt 00:05:34]} b5 {[%clk 00:37:05]} {[%emt
00:02:01]} 24. Na3 {[%clk 00:35:01]} {[%emt 00:05:05]} b4 {[%clk 00:33:48]}
{[%emt 00:03:47]} 25. Nb5 {[%clk 00:32:30]} {[%emt 00:03:01]} bxc3 {[%clk
00:33:33]} {[%emt 00:00:45]} 26. bxc3 {[%clk 00:30:43]} {[%emt 00:02:17]} h4
{[%clk 00:29:30]} {[%emt 00:04:32]} 27. Rdxd3 {[%clk 00:28:17]} {[%emt
00:02:57]} hxg3 {[%clk 00:29:24]} {[%emt 00:00:36]} 28. fxg3 {[%clk 00:25:15]}
{[%emt 00:03:32]} Bf5 {[%clk 00:29:11]} {[%emt 00:00:42]} 29. Nh4 {[%clk
00:23:01]} {[%emt 00:02:45]} Bxd3 {[%clk 00:29:14]} {[%emt 00:00:27]} 30. Nxg6+
{[%clk 00:23:10]} {[%emt 00:00:20]} Bxg6 {[%clk 00:29:31]} {[%emt 00:00:12]}
31. Nxc7 {[%clk 00:22:57]} {[%emt 00:00:44]} Kg7 {[%clk 00:29:07]} {[%emt
00:00:54]} 32. c4 {[%clk 00:22:01]} {[%emt 00:01:27]} Nb4 {[%clk 00:27:53]}
{[%emt 00:01:42]} 33. a3 {[%clk 00:21:05]} {[%emt 00:01:28]} Nc2 {[%clk
00:27:42]} {[%emt 00:00:40]} 34. Rc3 {[%clk 00:20:41]} {[%emt 00:00:54]} Rc8
{[%clk 00:28:01]} {[%emt 00:00:11]} 35. Nb5 {[%clk 00:19:59]} {[%emt 00:01:11]}
a6 {[%clk 00:28:13]} {[%emt 00:00:20]} 36. Nd6 {[%clk 00:18:58]} {[%emt
00:01:31]} Rc5 {[%clk 00:25:03]} {[%emt 00:03:37]} 37. Nb7 {[%clk 00:17:25]}
{[%emt 00:02:03]} Rc6 {[%clk 00:24:25]} {[%emt 00:00:58]} 38. c5 {[%clk
00:16:21]} {[%emt 00:01:47]} Bf5 {[%clk 00:22:25]} {[%emt 00:02:29]} 39. Na5
{[%clk 00:14:36]} {[%emt 00:02:16]} Rc7 {[%clk 00:20:57]} {[%emt 00:01:52]} 40.
g4 {[%clk 00:09:35]} {[%emt 00:05:37]} Be4 {[%clk 00:18:09]} {[%emt 00:03:17]}
41. Rc4 {[%clk 00:07:24]} {[%emt 00:02:40]} Bg6 {[%clk 00:17:50]} {[%emt
00:00:49]} 42. Rc3 {[%clk 00:05:24]} {[%emt 00:02:31]} Nd4 {[%clk 00:17:22]}
{[%emt 00:00:58]} 43. Kf2 {[%clk 00:03:30]} {[%emt 00:02:25]} Nb5 {[%clk
00:17:29]} {[%emt 00:00:23]} 44. Rc1 {[%clk 00:01:37]} {[%emt 00:02:23]} Nxa3
{[%clk 00:17:17]} {[%emt 00:00:41]} 45. Ke3 {[%clk 00:00:33]} {[%emt 00:01:34]}
Nb5 {[%emt 00:02:31]} 46. c6 {[%clk 00:29:36]} f6 {[%clk 00:44:16]} {[%emt
00:02:52]} 47. Nb7 {[%clk 00:28:34]} {[%emt 00:01:37]} Be8 {[%clk 00:44:16]}
{[%emt 00:00:31]} 48. Nd8 {[%clk 00:27:34]} {[%emt 00:01:29]} Kg8 {[%clk
00:44:00]} {[%emt 00:00:46]} 49. Kf4 {[%clk 00:26:56]} {[%emt 00:01:08]} Nd4
{[%clk 00:42:35]} {[%emt 00:01:55]} 50. Ke4 {[%clk 00:24:20]} {[%emt 00:03:06]}
Nxc6 {[%clk 00:42:23]} {[%emt 00:00:42]} 51. Kf4 {[%clk 00:17:10]} {[%emt
00:07:40]} a5 {[%clk 00:41:05]} {[%emt 00:01:49]} 52. g5 {[%clk 00:15:03]}
{[%emt 00:02:37]} f5 {[%clk 00:40:49]} {[%emt 00:00:46]} 53. g6 {[%clk
00:11:21]} {[%emt 00:04:12]} a4 {[%clk 00:40:41]} {[%emt 00:00:38]} 54. Nxc6
{[%clk 00:10:30]} {[%emt 00:01:21]} Rxc6 {[%clk 00:40:50]} {[%emt 00:00:20]}
55. Ra1 {[%clk 00:10:18]} {[%emt 00:00:43]} Ra6 {[%clk 00:41:05]} {[%emt
00:00:15]} 56. Kxf5 {[%clk 00:09:42]} {[%emt 00:01:05]} a3 {[%clk 00:41:14]}
{[%emt 00:00:22]} 57. Ke4 {[%clk 00:08:58]} {[%emt 00:01:14]} Bxg6+ {[%clk
00:41:26]} {[%emt 00:00:17]} 58. Kd4 {[%clk 00:09:09]} {[%emt 00:00:20]} Bf7
{[%clk 00:40:57]} {[%emt 00:00:58]} 59. Kc3 {[%clk 00:09:01]} {[%emt 00:00:39]}
a2 {[%clk 00:40:56]} {[%emt 00:00:31]} 60. Kc2 {[%clk 00:08:55]} {[%emt
00:00:35]} Kf8 {[%clk 00:40:48]} {[%emt 00:00:38]} 61. Kb2 {[%clk 00:08:11]}
{[%emt 00:01:15]} Be6 {[%clk 00:40:58]} {[%emt 00:00:20]} 62. Rf1+ {[%clk
00:07:12]} {[%emt 00:01:28]} Ke7 {[%clk 00:41:11]} {[%emt 00:00:16]} 63. Ka1
{[%clk 00:06:23]} {[%emt 00:01:20]} Kd6 {[%clk 00:41:26]} {[%emt 00:00:15]} 64.
Rc1 {[%clk 00:06:01]} {[%emt 00:00:52]} Bd5 {[%clk 00:41:20]} {[%emt 00:00:36]}
65. Rc2 {[%clk 00:05:27]} {[%emt 00:01:05]} Ke5 {[%clk 00:41:19]} {[%emt
00:00:30]} 66. Rc1 {[%clk 00:05:26]} {[%emt 00:00:31]} Kd4 {[%clk 00:41:32]}
{[%emt 00:00:17]} 67. Rc2 {[%clk 00:05:16]} {[%emt 00:00:41]} Bc4 {[%clk
00:41:30]} {[%emt 00:00:31]} 68. Rc1 {[%clk 00:05:04]} {[%emt 00:00:43]} Kc5
{[%clk 00:41:44]} {[%emt 00:00:15]} 69. Kb2 {[%clk 00:04:58]} {[%emt 00:00:36]}
Kb4 {[%clk 00:41:52]} {[%emt 00:00:22]} 70. Ka1 {[%clk 00:04:47]} {[%emt
00:00:42]} Re6 {[%clk 00:41:46]} {[%emt 00:00:33]} 71. Kb2 {[%clk 00:04:06]}
{[%emt 00:01:14]} Re3 {[%clk 00:41:00]} {[%emt 00:01:14]} 72. Ra1 {[%clk
00:03:35]} {[%emt 00:01:03]} Ka4 {[%clk 00:40:50]} {[%emt 00:00:39]} 73. Rc1
{[%clk 00:03:03]} {[%emt 00:01:03]} Bb3 {[%clk 00:40:57]} {[%emt 00:00:23]} 74.
Ka1 {[%clk 00:03:06]} {[%emt 00:00:26]} Ka3 {[%clk 00:40:54]} {[%emt 00:00:33]}
75. Rf1 {[%clk 00:03:01]} {[%emt 00:00:36]} Re2 {[%clk 00:41:04]} {[%emt
00:00:19]} 76. Rc1 {[%clk 00:02:55]} {[%emt 00:00:36]} Rb2 {[%clk 00:41:05]}
{[%emt 00:00:29]} 77. Re1 {[%clk 00:03:05]} {[%emt 00:00:20]} Rc2 {[%clk
00:41:09]} {[%emt 00:00:26]} 78. Rf1 {[%clk 00:03:07]} {[%emt 00:00:28]} Rc3
{[%clk 00:41:27]} {[%emt 00:00:11]} 79. Re1 {[%clk 00:03:08]} {[%emt 00:00:30]}
Bc4 {[%clk 00:41:38]} {[%emt 00:00:19]} 80. Rd1 {[%clk 00:03:08]} {[%emt
00:00:30]} Bb3 {[%clk 00:41:02]} {[%emt 00:01:07]} 81. Re1 {[%clk 00:03:14]}
{[%emt 00:00:23]} Rc2 {[%clk 00:41:23]} {[%emt 00:00:10]} 82. Rf1 {[%clk
00:03:17]} {[%emt 00:00:26]} Bc4 {[%clk 00:41:20]} {[%emt 00:00:33]} 83. Rd1
{[%clk 00:03:16]} {[%emt 00:00:30]} Kb4 {[%clk 00:40:55]} {[%emt 00:00:56]} 84.
Re1 {[%clk 00:02:37]} {[%emt 00:01:08]} Kc3 {[%clk 00:41:02]} {[%emt 00:00:22]}
85. Re3+ {[%clk 00:02:30]} {[%emt 00:00:40]} Kd2 {[%clk 00:41:03]} {[%emt
00:00:28]} 86. Re1 {[%clk 00:02:38]} {[%emt 00:00:23]} Bb5 {[%clk 00:39:19]}
{[%emt 00:02:12]} 87. Re2+ {[%clk 00:02:31]} {[%emt 00:00:38]} Kd3 {[%clk
00:39:17]} {[%emt 00:00:32]} 88. Rxc2 {[%clk 00:02:51]} {[%emt 00:00:11]} Kxc2
{[%clk 00:39:34]} {[%emt 00:00:13]} 89. Kxa2 {[%clk 00:03:13]} {[%emt
00:00:07]} 1/2-1/2